<?xml version="1.0" encoding="UTF-8"?>
<record
    xmlns:xsi="http://www.w3.org/2001/XMLSchema-instance"
    xsi:schemaLocation="http://www.loc.gov/MARC21/slim http://www.loc.gov/standards/marcxml/schema/MARC21slim.xsd"
    xmlns="http://www.loc.gov/MARC21/slim">

  <leader>01652    a2200193   4500</leader>
  <controlfield tag="001">53320</controlfield>
  <controlfield tag="005">20260407155807.0</controlfield>
  <controlfield tag="008">260407a1970    arg                 spa d</controlfield>
  <controlfield tag="003">AR-UNSa-BCEJYS</controlfield>
  <datafield tag="040" ind1=" " ind2=" ">
    <subfield code="a">AR-UNSa-BCEJYS</subfield>
    <subfield code="b">spa</subfield>
    <subfield code="c">AR-UNSa-BCEJYS</subfield>
  </datafield>
  <datafield tag="080" ind1=" " ind2=" ">
    <subfield code="a">336.74</subfield>
    <subfield code="x">Moneda. Sistema monetario</subfield>
  </datafield>
  <datafield tag="245" ind1="1" ind2="0">
    <subfield code="a">Econom&#xED;a de moneda y banca</subfield>
  </datafield>
  <datafield tag="264" ind1=" " ind2="1">
    <subfield code="a">Buenos Aires :</subfield>
    <subfield code="b">Tipogr&#xE1;fica Editora Argentina</subfield>
    <subfield code="c">1970</subfield>
  </datafield>
  <datafield tag="300" ind1=" " ind2=" ">
    <subfield code="a">831 p.</subfield>
    <subfield code="c">22 cm.</subfield>
  </datafield>
  <datafield tag="505" ind1=" " ind2=" ">
    <subfield code="a">1. Las funciones del dinero - 2. Categor&#xED;as de dinero - 3. Deuda, cr&#xE9;dito e instrumentos fiancieros - 4. Los intermediarios fiancieros - 5. Historia de la banca en Estados Unidos - 6. Sistema de los bancos comerciales - 7. Expanci&#xF3;n y contracci&#xF3;n bancarias - 8. Pol&#xED;tica de los bancos comerciales - 9. El sistema de la Reserva Federal - 10. El cr&#xE9;dito de la Reserva Federal y las reservas de los bancos - 11. Instrumento de las pol&#xED;ticas monetarias - 12. El sistema monetario: Panorama general - 13. Introducci&#xF3;n a la teor&#xED;a monetaria - 14. Producto nacional bruto o expensas  -15. Consumo, ahorro o inversi&#xF3;n - 16. Oferta y demanda de dinero - 17. Operaciones gubernamentales y pol&#xED;tica fiscal - 18. El sistema monetario internacional - 19. Pagos internacionales y tipos de cambio - 20. Pol&#xED;ticas monetarias internacionales - 21. Pol&#xED;tica monetaria de Estados Unidos 1914 a 1929 - 22. La pol&#xED;tica monetaria en los a&#xF1;os de la depresi&#xF3;n :1930 a 1941 - 23. Pol&#xED;tica monetaria, 1941 a 1951 - 24. Pol&#xED;tica monetaria 1951 a 1959 - 25. Pol&#xED;tica monetaria en la d&#xE9;cada de 1960  - 26. El futuro</subfield>
  </datafield>
  <datafield tag="942" ind1=" " ind2=" ">
    <subfield code="c">BK</subfield>
  </datafield>
  <datafield tag="590" ind1=" " ind2=" ">
    <subfield code="a">niveau_biblio:m niveau_hierar:0</subfield>
  </datafield>
  <datafield tag="100" ind1="1" ind2=" ">
    <subfield code="a">Chandler, Lester V.</subfield>
  </datafield>
  <datafield tag="999" ind1=" " ind2=" ">
    <subfield code="c">5176</subfield>
    <subfield code="d">5176</subfield>
  </datafield>
  <datafield tag="952" ind1=" " ind2=" ">
    <subfield code="0">0</subfield>
    <subfield code="1">0</subfield>
    <subfield code="4">0</subfield>
    <subfield code="7">0</subfield>
    <subfield code="a">BCEJYS</subfield>
    <subfield code="b">BCEJYS</subfield>
    <subfield code="c">16</subfield>
    <subfield code="d">2026-04-07</subfield>
    <subfield code="l">0</subfield>
    <subfield code="o">336.74 C454</subfield>
    <subfield code="p">L25404</subfield>
    <subfield code="r">2026-04-07 15:58:07</subfield>
    <subfield code="w">2026-04-07</subfield>
    <subfield code="y">L</subfield>
  </datafield>
  <datafield tag="952" ind1=" " ind2=" ">
    <subfield code="0">0</subfield>
    <subfield code="1">0</subfield>
    <subfield code="4">0</subfield>
    <subfield code="7">0</subfield>
    <subfield code="a">BCEJYS</subfield>
    <subfield code="b">BCEJYS</subfield>
    <subfield code="c">16</subfield>
    <subfield code="d">2026-04-07</subfield>
    <subfield code="l">0</subfield>
    <subfield code="o">336.74 C454</subfield>
    <subfield code="p">L25405</subfield>
    <subfield code="r">2026-04-07 15:58:07</subfield>
    <subfield code="w">2026-04-07</subfield>
    <subfield code="y">L</subfield>
  </datafield>
</record>
